| 000 | 00952nam a22002417a 4500 | ||
|---|---|---|---|
| 005 | 20170124103152.0 | ||
| 010 | _aA-934621 | ||
| 020 | _c00.00 | ||
| 035 | _aA-934621 | ||
| 037 | _bCen Lib/Ret | ||
| 040 |
_aDPL _bHN |
||
| 082 |
_a370.71 _bसक्सेना |
||
| 100 |
_aसक्सेना, एन.आर. _988334 |
||
| 245 |
_aअध्यापक शिक्षा / _c एन.आर. सक्सेना |
||
| 246 |
_aAdhyapak shiksha _b by N.R. Saxena |
||
| 300 |
_a344पृष्ठ. _c20सेमी(सजिल्द) |
||
| 500 | _aसन्दर्भ ग्रन्थ सूची शामिल | ||
| 650 |
_aशिक्षा - अध्यापक _988335 |
||
| 650 |
_aराष्ट्रीय शिक्षा नीति _94923 |
||
| 650 |
_aEducation - teacher _988336 |
||
| 650 |
_aThe National Education Policy _988337 |
||
| 942 |
_2ddc _cHN _h370.71 _mसक्सेना |
||
| 999 |
_c120068 _d120068 |
||